| 000 | 01700nam a2200301Ia 4500 | ||
|---|---|---|---|
| 003 | OSt | ||
| 005 | 20250808122157.0 | ||
| 008 | 220909b |||||||| |||| 00| 0 eng d | ||
| 020 | _a9788131758915 | ||
| 037 | _cTextual | ||
| 040 |
_aCSL _beng _cCSL |
||
| 041 | _aeng | ||
| 084 |
_aB7 J31;Q1 _qCSL |
||
| 100 | _aGoldstein, Herbert | ||
| 245 | 0 | _aClassical mechanics | |
| 250 | _a3rd ed. | ||
| 260 |
_aNew Delhi: _bPearson: _c2011. |
||
| 300 |
_axviii; 646p. _b: ill. |
||
| 500 | _aBibliography 626-630p.; Index 631-646p. | ||
| 520 | _aFor 30 years, this classic text has been the acknowledged standard in classical mechanics courses. Classical Mechanics enables students to make connections between classical and modern physics – an indispensable part of a physicist’s education. The authors have updated the topics, applications, and notations to reflect today’s physics curriculum. They introduce students to the increasingly important role that nonlinearities play in contemporary applications of classical mechanics. New numerical exercises help students develop skills in the use of computer techniques to solve problems in physics. Mathematical techniques are presented in detail so that the text remains fully accessible to students who have not had an intermediate course in classical mechanics. | ||
| 650 |
_a Classical mechanics _9817547 |
||
| 650 |
_a Mathematics _9817548 |
||
| 650 | _aMechanics | ||
| 700 |
_aPoole, Charles P. _eco-author _9450467 |
||
| 700 |
_aSafko, John _eco-author |
||
| 942 |
_hB7 J31;Q1 _cTEXL _2CC _e7th _n0 |
||
| 999 |
_c11160 _d11160 |
||